El sendero gris.

Salvato in:
Dettagli Bibliografici
Natura: Libro
Lingua:spagnolo
Pubblicazione: [Chile]: SAO Arratia, 2023.
Edizione:Primera edición.
Soggetti:
Tags: Aggiungi Tag
Nessun Tag, puoi essere il primo ad aggiungerne!!

MARC

LEADER 00000nam a22000007a 4500
003 CL-VaPUC
005 20250321101944.0
008 250304t2023 ||||| |||| 00| 0 spa d
999 |c 447084  |d 447082 
020 |a 9789567659928 
040 |c Pontificia Universidad Católica de Valparaíso 
082 |2 22  |a 741.56983 SEN 2023 
245 |a El sendero gris. 
250 |a Primera edición. 
260 |a [Chile]:  |b SAO Arratia,   |c 2023. 
300 |a Volumen 1:  |b ilustraciones. 
500 |a c.1, Volumen 1: Instituto Arcos. 08-01-2025 
583 |c 20250304  |k Yessy Sthefany Diaz Vidal 
650 0 |9 878275  |a Cómics, historietas, etc.  |x Aventura, misterio, etc.  |x Literatura chilena 
942 |2 ddc  |c BK  |n 0 
952 |0 0  |1 0  |2 ddc  |4 0  |6 741_569830000000000_SEN_2023  |7 0  |8 A  |9 600534  |a BIBEDU  |b BIBEDU  |d 2025-03-04  |e Instituto Arcos  |h v.1  |i 5665174  |o 741.56983 SEN 2023  |p 5665174  |r 2025-03-04  |t 1  |w 2025-03-04  |y BK  |k IFP